000 00957nas a2200337 4500
001 BR0905590
003 BR-BrBNA
005 20231205113717.0
007 ta
008 230509b bl.|||p| |||| 00| 00por d
040 _aBR-BrBNA
_bpor
_cBiblioteca Nacional de Agricultura
041 _a(Pt)
072 _aH10; H60
100 1 _aMônaco, A.P. do A.
100 1 _aCarneiro, R.G.
100 1 _aKranz, W.M.
100 1 _aGomes, J.C.
100 1 _aScherer, A.
100 1 _aNakamura, K.C.
100 1 _aMoritz, M.P.
100 1 _aSantiago, D.C.
245 1 _aReação de Espécies de Plantas Daninhas a Meloidogyne paranaensis
650 _aNEMATOIDE
650 _aPRAGA DE PLANTA
650 _aERVA DANINHA
650 _aCAFÉ
650 _aMANEJO DO SOLO
773 0 _tNematologia Brasileira (Brazil)
_xISSN 0102-2997
_g(Dec 2008), v. 32(4) p. 279-284
_wBR0905590
909 _a202311
_bLúcia
_c55
_dLúcia Elande
942 _2AGRIS
_n0
_cANA
999 _c205183
_d205183